00820nam a22002297a 4500003000500000005001700005008004100022020002900063040002300092082002100115100001400136110003100150245001300181250001800194260005400212300004000266500005500306520015400361521004500515650001300560651001700573322820240424124828.0240424b sa ||||| |||| 00| 0 eng d a9781770080997cHardCover a3228bEnglishcrda 223aJ 179.9 RAAT aRaatma L. aAwareness Publishing Group aPrudence aFirst Edition aGalllo Manor:bAwareness Publishing Group;cc2005 a23 Pages.;bColoured Picturesc21cm aLife Skills Education Library- Character Education aExplains the virtue of prudence, or thinking carefully before acting , and describes ways to show prudence at home , at school, and in the community. aJunior Non-Fiction-: Juvenile Literature 2Prudence 2South Africa